00361 2200145 4500001002100000005001500021035002000036245006100056100002100117300001200138260001900150082000800169084001400177990002400191INLIS00000000000223720250527020234 a0010-05250005291 aPeta dan Kompas (Teknik Membaca) /cIr. N. S. Adi Yuwono0 aN. S. Adi Yuwono a142 hlm bAngkasa,c2008 a900 a900 N. p a0713157 s/d 0713158